| 000 | 00553nam a22001817a 4500 | ||
|---|---|---|---|
| 005 | 20231101105354.0 | ||
| 008 | 231101b |||||||| |||| 00| 0 eng d | ||
| 020 | _a9780409121759 | ||
| 041 | _aEnglish | ||
| 082 | _a346.7 LEG | ||
| 100 |
_aFouche, MA _lEnglish |
||
| 245 |
_aLegal Principles of Contracts and Commercial Law / _cMA Fouche |
||
| 250 | _aEighth Edition | ||
| 260 |
_aDurban : _bLexisNexis (Pty) Ltd, _c2015 |
||
| 300 |
_bvii, 446 pages ; _c25 cm. |
||
| 650 |
_aLegal practice _bLaw |
||
| 942 |
_cBK _6ALISON_BN_VRIES |
||
| 999 |
_c214 _d214 |
||